Introduction to the History of Science. (Record no. 314)
[ view plain ]
| 000 -LEADER | |
|---|---|
| fixed length control field | 00738nam a2200253 a 4500 |
| 020 ## - INTERNATIONAL STANDARD BOOK NUMBER | |
| ISBN | |
| 082 00 - DEWEY DECIMAL CLASSIFICATION NUMBER | |
| Classification number | 500.25 |
| Author Cutter | SAR |
| 100 ## - MAIN ENTRY--AUTHOR NAME | |
| Author name | Sarton, George |
| 245 ## - TITLE STATEMENT | |
| Title | Introduction to the History of Science. |
| 260 ## - PUBLICATION, DISTRIBUTION, ETC. (IMPRINT) | |
| Place of publication | Baltimore |
| Name of publisher | Carnegie Institution of Washington |
| Year of publication | 1927 |
| 300 ## - PHYSICAL DESCRIPTION | |
| Number of Pages | 839p |
| 500 ## - GENERAL NOTE | |
| General note | includes index and biblioraphy |
| 505 2# - FORMATTED CONTENTS NOTE | |
| Formatted contents note | Index |
| 505 2# - FORMATTED CONTENTS NOTE | |
| Formatted contents note | Index00 |
| 650 ## - SUBJECT ADDED ENTRY--TOPICAL TERM | |
| Topical Term | Science-History |
| 942 ## - ADDED ENTRY ELEMENTS (KOHA) | |
| Koha item type | Books |
| 700 1# - | |
| -- | Sarton, George |
| Home library | Current library | Date acquired | Cost, normal purchase price | Full call number | Accession Number | Koha item type |
|---|---|---|---|---|---|---|
| Henry Martyn Institute Library | Henry Martyn Institute Library | 08/01/2018 | 0.00 | 500.25 SAR | 00834 | Books |
| Henry Martyn Institute Library | Henry Martyn Institute Library | 08/01/2018 | 0.00 | 500.25 SAR | 00835 | Books |
| Henry Martyn Institute Library | Henry Martyn Institute Library | 08/01/2018 | 0.00 | 500.25 SAR | 00836 | Books |
